| 000 | 00685nam a2200205Ia 4500 | ||
|---|---|---|---|
| 001 | 7379 | ||
| 003 | GE_BSU | ||
| 008 | 181216s||||||||xx |||||||||||||| ||und|| | ||
| 040 | _cGE_BSU | ||
| 080 | _a628.1 | ||
| 100 | _aДанелия,Н.Ф. | ||
| 245 | _aВодозаборные сооружения на реках с обильными наносами. | ||
| 245 | _cРед. Г.В.Елизаветская. | ||
| 260 | _aМ. | ||
| 260 | _bколос. | ||
| 260 | _c1964. | ||
| 300 | _a336стр.27см.с илл.библиогр.:стр.331-333. | ||
| 653 | _aВодозаборные сооружения на реках с обильными наносами. | ||
| 942 | _cBK | ||
| 999 |
_c40740 _d40740 |
||